[Event "XII Figueira da Foz Open 2018"]
[Site "Figueira da Foz"]
[Date "2018.11.02"]
[Round "7"]
[White "Alshameary Puente, Ismael"]
[Black "Romanishin, Oleg M"]
[Result "1/2-1/2"]
[WhiteElo "2369"]
[BlackElo "2443"]
[Annotator "TA"]
[PlyCount "39"]
[EventDate "2018.10.30"]
[EventType "swiss"]
[EventCountry "POR"]
[SourceTitle "playchess.com"]
[Source "ChessBase"]
[SourceQuality "1"]

{[%evp 26,39,38,19,34,16,21,20,19,16,22,13,10,0,0,-13]} 1. d4 Nf6 2. c4 e6 3. Nc3 Bb4 4. e3 O-O 5. Bd3 c5 6. Nge2 d5 7. cxd5 cxd4 8. exd4 Qxd5 9. O-O Qh5 10. Ne4 {E48: Nimzo-Indian: Rubinstein: 5 Bd3 d5 including 6 Ne2, but excluding 6 a3} Nxe4 11. Bxe4 Bd6 12. Bf4 Bxf4 13. Nxf4 Qxd1 14. Rfxd1 {LiveBook: 3 Games} Nd7 15. Rac1 Nf6 {The position is equal.} 16. Bf3 Rd8 17. h4 Rb8 {[#]} 18. b3 $146 ({Predecessor:} 18. g4 b6 19. g5 Ne8 20. h5 Nd6 21. b3 Bb7 {½-½ (21) Wiacek,K (2528)-Hiltunen,R (2534) ICCF email 2006}) 18... a5 19. Rc4 b6 20. d5 1/2-1/2

[Event "XII Figueira da Foz Open 2018"]
[Site "Figueira da Foz"]
[Date "2018.11.02"]
[Round "7"]
[White "Martin Duque, Jesus"]
[Black "Sismeiro, Miguel"]
[Result "1-0"]
[WhiteElo "2354"]
[BlackElo "2008"]
[Annotator "TA"]
[PlyCount "103"]
[EventDate "2018.10.30"]
[EventType "swiss"]
[EventCountry "POR"]
[SourceTitle "playchess.com"]
[Source "ChessBase"]
[SourceQuality "1"]

{[%evp 18,103,23,17,28,14,18,26,33,23,37,16,49,39,65,59,56,28,85,96,96,85,104,117,110,99,98,90,109,44,126,120,131,78,164,150,374,395,397,397,397,397,397,397,395,395,491,431,434,410,443,435,473,443,475,432,464,435,400,389,630,568,485,384,628,626,764,644,881,793,882,814,806,723,682,0,639,639,909,752,1247,1078,5065,4133,4133,1752,1902,1857]} 1. e4 e5 2. Nf3 Nc6 3. Bb5 a6 4. Ba4 Nf6 5. d3 b5 6. Bb3 Be7 7. O-O O-O 8. Nc3 d6 9. a3 h6 {C77: Ruy Lopez: 3...a6 4 Ba4 Nf6, unusual lines} (9... Na5 10. Ba2 Be6 11. b4 Bxa2 12. Nxa2 Nc6 13. c4 Nd4 14. Nc3 Nxf3+ 15. Qxf3 c6 16. Bd2 Qc8 17. Rfb1 {1-0 (41) Nepomniachtchi,I (2768)-Wojtaszek,R (2727) Batumi 2018}) 10. h3 {LiveBook: 19 Games} Bb7 11. Be3 Na5 {The position is equal.} 12. Ba2 c5 13. b4 Nc6 14. Nd5 Nxd5 $146 ({Predecessor:} 14... Nd4 15. Nxe7+ Qxe7 16. bxc5 Nxf3+ 17. Qxf3 dxc5 18. Bd2 Qd6 {½-½ (18) Sanner,Z (2220)-Kuna,H (2192) ICCF email 2010}) 15. Bxd5 Qc7 16. c3 Nd8 17. Qb3 c4 (17... Bxd5 $11 18. Qxd5 (18. exd5 c4 $11) 18... Ne6) 18. dxc4 $16 bxc4 {[#]} 19. Qd1 $1 ({Much weaker is} 19. Qxc4 $6 Qxc4 20. Bxc4 Bxe4 $11) (19. Bxc4 $6 Bxe4 20. Nd2 Bc6 $11) 19... Bxd5 20. Qxd5 ({But not} 20. exd5 $6 f5 $11) 20... Ne6 21. Rfd1 Rab8 22. a4 Rfc8 23. Rab1 ({Better is} 23. b5 $16) 23... Qb7 ({Black should play} 23... Nf8 $1 $14) 24. Qxb7 Rxb7 25. Rd5 (25. Nd2 $142) 25... Rc6 (25... Nc5 $16) 26. b5 $18 Nc7 $2 {[#]} (26... g6 $16 27. Ra1 (27. Bxh6 Nc7 $14) 27... axb5) 27. Nd2 axb5 28. axb5 Nxd5 29. bxc6 Rxb1+ 30. Nxb1 {[%mdl 4096] Endgame KBN-KBN} Nc7 31. Bb6 Bd8 32. Nd2 Kf8 33. Nxc4 Ke7 34. Bxc7 Bxc7 {KB-KN} 35. Ne3 Kd8 36. Nd5 Bb8 37. f3 Ba7+ 38. Kf1 g6 $2 (38... Ke8 39. Nc7+ Kd8) 39. Ke2 Kc8 40. Kd3 Bc5 $2 (40... h5 41. Ke2 Bg1) 41. Kc4 Kb8 42. Nb4 Ka7 43. Kd5 Kb6 44. Nd3 Ba3 45. Nb4 Kc7 46. Nd3 Kb6 $1 47. c4 {[%cal Bc3c4,Bc4d5][%mdl 32] White is clearly winning.} h5 48. h4 f5 49. Ke6 fxe4 50. fxe4 Kxc6 51. Kf6 d5 52. cxd5+ {Precision: White = 68%, Black = 26%.} 1-0

[Event "XII Figueira da Foz Open 2018"]
[Site "Figueira da Foz"]
[Date "2018.11.02"]
[Round "7"]
[White "Elissalt Cardenas, Hector"]
[Black "Margarido, Jose Miguel Teixeir"]
[Result "1-0"]
[WhiteElo "2316"]
[BlackElo "2121"]
[Annotator "TA"]
[PlyCount "43"]
[EventDate "2018.10.30"]
[EventType "swiss"]
[EventCountry "POR"]
[SourceTitle "playchess.com"]
[Source "ChessBase"]
[SourceQuality "1"]

{[%evp 9,43,-11,-11,-14,-13,-16,-2,-16,-16,-38,-20,-31,0,0,-22,-25,-16,-27,12,0,4,2,6,0,143,109,139,111,109,135,142,159,371,385,498,495]} 1. d4 Nf6 2. Nf3 e6 3. Nbd2 d5 4. e3 c5 5. a3 b6 6. b3 {D05: Colle System with ...e6} Bb7 $146 ({Predecessor:} 6... Bd6 7. Bb2 O-O 8. Bd3 Nc6 9. Ne5 Bb7 10. f4 Ne7 11. Qf3 Qc7 12. Qh3 Ne4 13. O-O-O cxd4 14. exd4 {0-1 (26) Purton,B (2146)-Adair,J (2399) England 2014}) 7. Bb2 Nbd7 8. Ne5 {The position is equal.} Be7 9. Qf3 O-O 10. Bd3 Ne8 11. Qh3 {[%csl Gd3][%cal Rh3h7]} f5 12. Ndf3 Rc8 13. O-O Bf6 14. Rfd1 Nd6 15. a4 Be7 16. c4 Nf7 (16... Rf6 $11 {keeps the balance.}) 17. Nxd7 $16 Qxd7 18. dxc5 Rxc5 19. b4 $40 {[%mdl 128] Black is in trouble.} Rcc8 20. cxd5 Bxd5 $2 {[#]} (20... Qxd5 $16 21. Ba6 Qe4) 21. e4 $1 $18 {[%mdl 512]} Bb3 {[#]} (21... Bxe4 22. Bxe4) 22. Bc2 $1 {[%mdl 512] Precision: White = 57%, Black = 33%.} 1-0

[Event "XII Figueira da Foz Open 2018"]
[Site "Figueira da Foz"]
[Date "2018.11.02"]
[Round "7"]
[White "Garcia Dorado, Alberto"]
[Black "Perez Garcia, Rodney Oscar"]
[Result "1/2-1/2"]
[WhiteElo "2206"]
[BlackElo "2362"]
[Annotator "TA"]
[PlyCount "32"]
[EventDate "2018.10.30"]
[EventType "swiss"]
[EventCountry "POR"]
[SourceTitle "playchess.com"]
[Source "ChessBase"]
[SourceQuality "1"]

{[%evp 20,32,8,0,6,11,15,10,14,0,0,0,7,-825,437]} 1. d4 d5 2. c4 c6 3. cxd5 cxd5 4. Nc3 Nf6 5. Bf4 Nc6 6. e3 a6 7. Bd3 Bg4 8. Nge2 e6 9. O-O {D10: Slav Defence: 3 cxd5 (without early Nf3) and 3 Nc3} Bh5 10. f3 Bg6 (10... Be7 11. Bg3 Bg6 12. Nf4 O-O 13. Nxg6 hxg6 14. Rc1 Rc8 15. Qe2 Nd7 16. Bf2 Nb6 17. Rcd1 {1-0 (60) Laznicka,V (2662)-Maghsoodloo,P (2649) Batumi 2018}) 11. Rc1 {LiveBook: 5 Games. The position is equal.} Bxd3 12. Qxd3 Rc8 $146 ({Predecessor:} 12... Nh5 13. Qd1 Nxf4 14. Nxf4 Bd6 15. Nd3 O-O 16. f4 Qe7 17. Qh5 {½-½ (27) Radusinovic,L (2308)-Ratkovic,M (2135) Kraljevo 2011}) 13. Na4 Nd7 14. Nc5 Nxc5 15. dxc5 Be7 16. Qd4 $2 {[%mdl 8192] [#]} (16. Nd4 $11) 16... Nb4 $4 {[%mdl 40960] An unexpected result.} (16... Nxd4 $19 17. exd4 Qa5) 1/2-1/2

[Event "XII Figueira da Foz Open 2018"]
[Site "Figueira da Foz"]
[Date "2018.11.02"]
[Round "7"]
[White "Roettgen, Juergen"]
[Black "Vassallo Barroche, Mauricio"]
[Result "0-1"]
[WhiteElo "2169"]
[BlackElo "2378"]
[Annotator "TA"]
[PlyCount "45"]
[EventDate "2018.10.30"]
[EventType "swiss"]
[EventCountry "POR"]
[SourceTitle "playchess.com"]
[Source "ChessBase"]
[SourceQuality "1"]

{[%evp 21,45,20,6,0,0,-10,0,0,0,-8,-27,-20,-10,-26,-4,-16,50,-16,24,-80,-55,-518,-516,-496,-495,-622]} 1. c4 e5 2. Nc3 Nf6 3. g3 c6 4. d4 exd4 5. Qxd4 d5 6. Bg2 Be6 7. cxd5 cxd5 8. Nf3 Nc6 9. Qa4 Bc5 10. O-O O-O 11. Bg5 {A20: English Opening: 1...e5} (11. Ng5 h6 12. Nxe6 fxe6 13. a3 Rc8 14. e3 Qe7 15. Bd2 Ne5 16. Rad1 Qf7 17. h3 Qh5 18. Qb5 Nf3+ 19. Bxf3 Qxf3 {½-½ (71) Jones,G (2661)-Edouard,R (2659) London 2014}) 11... h6 {LiveBook: 24 Games} 12. Qb5 {[#] aiming for Bxf6.} Bxf2+ $146 {[%mdl 512]} ({Predecessor:} 12... Be7 13. Be3 d4 14. Rfd1 Bd7 15. Nxd4 Nxd4 16. Qxb7 Rb8 17. Qxa7 Nc2 18. Bc6 Nxa1 19. Bxd7 Nxd7 20. Rxd7 {0-1 (34) Vucinic,G (2415)-Cerovic,D (2335) Paracin 2017}) 13. Rxf2 {Strongly threatening Bxf6.The position is equal.} hxg5 14. Nxg5 Ng4 {[%cal Bf6g4,Bg4e3,Be3c4][%mdl 32]} 15. Nxe6 fxe6 16. Rxf8+ Qxf8 17. Rf1 Qe7 18. Rf4 Nce5 (18... Nh6 $11) 19. Bh3 (19. Qb4 $14 Qxb4 20. Rxb4) 19... Ne3 20. Kf2 (20. Qb4 $11 {keeps the balance.} Re8 21. Qd4) 20... g5 21. Ra4 $2 {[%mdl 8192] [#]} (21. Qb4 $15 Re8 22. Qxe7 Rxe7 23. Ra4) 21... N5c4 $19 22. Rxc4 Nxc4 23. Ke1 0-1

[Event "XII Figueira da Foz Open 2018"]
[Site "Figueira da Foz"]
[Date "2018.11.02"]
[Round "7"]
[White "Santos, Antonio P"]
[Black "Veiga, Jose Francisco R P "]
[Result "1/2-1/2"]
[WhiteElo "2155"]
[BlackElo "2272"]
[Annotator "TA"]
[PlyCount "151"]
[EventDate "2018.10.30"]
[EventType "swiss"]
[EventCountry "POR"]
[SourceTitle "playchess.com"]
[Source "ChessBase"]
[SourceQuality "1"]

{[%evp 25,151,-14,-6,-12,-26,-18,-8,-19,0,-12,0,0,0,-22,-41,-64,-29,-22,-6,-66,-67,-137,-127,-128,-151,-150,-157,-200,-168,-208,-95,-75,-78,-69,-55,-146,8,5,18,8,8,8,14,8,8,8,8,8,8,0,0,0,0,0,0,-14,138,87,380,376,610,621,586,581,535,518,1040,943,849,847,758,439,441,434,494,547,540,547,503,413,439,439,608,413,550,413,413,413,413,413,413,413,413,413,413,413,413,413,413,406,406,406,406,406,406,406,406,406,406,406,406,406,406,0,406,406,406,406,406,406,406,406,406,406,406,406,406,0]} 1. d4 Nf6 2. c4 c5 3. d5 e6 4. Nc3 exd5 5. cxd5 d6 6. e4 g6 7. f4 Bg7 8. Bb5+ Nfd7 9. a4 O-O 10. Nf3 Na6 11. O-O Nb4 12. Re1 a6 {A67: Modern Benoni: Taimanov Variation} 13. Bc4 (13. Bf1 Re8 14. Be3 Nf6 15. Bf2 Nh5 16. Qd2 Bg4 17. Be2 Bh6 18. Be3 Nf6 19. h3 Bxf3 20. Bxf3 Nd7 21. a5 Rb8 22. Be2 Nf6 23. Bf3 Nd7 24. Be2 Nf6 25. Bf3 Nd7 {½-½ (25) Jakovenko,D (2725)-Gashimov,V (2734) Astrakhan 2010}) 13... Nb6 {LiveBook: 6 Games} 14. Bf1 Bg4 {The position is equal.} 15. Be3 Bxf3 16. gxf3 Bd4 $146 ({Predecessor:} 16... Re8 17. Qd2 Rc8 18. a5 Nd7 19. Kh1 Qc7 20. Bh3 {0-1 (59) Kulkarni,R (2166)-Swapnil,S (2340) Mumbai 2009}) 17. a5 Nd7 18. Bxd4 cxd4 19. Ra4 dxc3 20. Rxb4 cxb2 21. Rxb2 Rb8 22. e5 ({Better is} 22. Qd2 $11) 22... Qxa5 $15 23. Bh3 {[#]} (23. e6 $15 Nf6 24. Bh3) 23... Nc5 $1 $17 {[%cal Rc5d3] aiming for ...Nd3!} 24. Rbe2 Qc3 25. Rc2 Qb4 26. Qd2 Qxd2 27. Rxd2 f5 (27... Rfd8 $19 {is more deadly.} 28. Bf1 b5) 28. Bf1 Rfe8 29. Rc2 b6 30. Ra2 ({White should try} 30. h4 $15) 30... g5 $2 (30... Kf8 $17 31. Rd1 dxe5 32. fxe5 Rxe5 33. Bxa6 Ra8) 31. Rg2 $11 Rb7 32. h4 h6 33. hxg5 hxg5 34. Rxg5+ Rg7 35. Rxg7+ Kxg7 {[%mdl 4096] Endgame KRB-KRN} 36. Kf2 Kf7 37. e6+ Kf6 38. Ke3 $1 b5 39. Bd3 $1 b4 40. Rh1 b3 $2 {[#]} (40... Nxd3 $11 41. Kxd3 a5) 41. Bb1 $1 $16 b2 $2 {[%mdl 8192]} (41... a5 $16) 42. Rh5 $18 Rg8 $2 (42... Ke7 43. Bxf5 Rg8) 43. Rxf5+ Ke7 44. Rf7+ Ke8 {intending ...Rg1.} 45. Kf2 Na4 (45... Rh8 $142 46. Ra7 Rh6) 46. Rb7 {Rb8+ is the strong threat.} Nc3 47. Bc2 Kf8 48. Rxb2 Nxd5 49. f5 Rg7 50. Be4 Nf6 51. Rb8+ Ke7 52. Ra8 d5 53. Bd3 Nh5 54. Rxa6 Nf4 55. Ra7+ Kf6 56. Rxg7 Kxg7 {KB-KN} 57. Ke3 Nh5 58. Kd4 Kf6 59. Kxd5 {And now Kd6 would win.} Ke7 60. Ke5 Nf6 61. Kf4 Nh7 62. Kg4 Nf6+ 63. Kg5 Nh7+ 64. Kg6 Nf6 65. Bf1 Nd5 66. Kg7 Nf6 67. Bh3 Ne8+ 68. Kg6 Nf6 69. Bf1 Nd5 70. Bb5 {White is winning.} Nf4+ 71. Kg7 {Strongly threatening f6+.} Nh5+ 72. Kh6 Nf6 73. Kg6 Ng8 74. Bc6 Nf6 75. Ba4 Nd5 76. Bc6 $2 {Precision: White = 62%, Black = 51%.} (76. Kg7 $18) 1/2-1/2

[Event "XII Figueira da Foz Open 2018"]
[Site "Figueira da Foz"]
[Date "2018.11.02"]
[Round "7"]
[White "Dias, Ricardo Pedro Cruz"]
[Black "Silva, Pedro Gil Ferreira "]
[Result "1-0"]
[WhiteElo "2098"]
[BlackElo "1837"]
[Annotator "NA RC"]
[PlyCount "108"]
[EventDate "2018.10.30"]
[EventType "swiss"]
[EventCountry "POR"]
[SourceTitle "playchess.com"]
[Source "ChessBase"]
[SourceQuality "1"]
[TimeControl "40/5400+30:1800+30"]

1. e4 {[%emt 0:00:00]} c6 {[%emt 0:00:00]} 2. d4 {[%emt 0:00:00]} d5 {[%emt 0:00:13]} 3. Nd2 {[%emt 0:00:00]} dxe4 {[%emt 0:00:21]} 4. Nxe4 {[%emt 0:00:00]} Nd7 {[%emt 0:00:17]} 5. Ng5 {[%emt 0:00:07]} Ngf6 {[%emt 0:00:28]} 6. Bd3 {[%emt 0:00:03]} e6 {[%emt 0:00:52]} 7. N1f3 {[%emt 0:00:07]} Bd6 {[%emt 0:01:19]} 8. Qe2 {[%emt 0:00:08]} h6 {[%emt 0:01:25]} 9. Ne4 {[%emt 0:00:05]} Nxe4 {[%emt 0:00:15]} 10. Qxe4 {[%emt 0:00:02]} Nf6 {[%emt 0:00:27]} 11. Qe2 {[%emt 0:00:06]} b6 {[%emt 0:00:40]} 12. Bd2 {[%emt 0:00:09]} Bb7 {[%emt 0:00:43]} 13. O-O-O {[%emt 0:00:12]} Qc7 {[%emt 0:00:30]} 14. Ne5 O-O-O {[%emt 0:03:09]} 15. f4 {[%emt 0:00:22]} c5 {[%emt 0:10:03] B17: Caro-Kann: Modern Line (4...Nd7)} 16. dxc5 {[%emt 0:00:02]} Bxc5 {[%emt 0:00:52]} 17. Kb1 {[%emt 0:00:08]} Nd5 {[%emt 0:09:46]} (17... Kb8 18. Rhf1 Nd5 19. c4 Nb4 20. Bxb4 Bxb4 21. Be4 Bd6 22. Bxb7 Qxb7 23. Qf3 Qxf3 24. Rxf3 Bxe5 25. Rxd8+ Rxd8 26. fxe5 {½-½ (32) Grandelius,N (2642)-Gharamian,T (2626) Germany 2017}) 18. a3 {[%emt 0:00:40]} Rhe8 $146 {[%emt 0:08:05]} ({Predecessor:} 18... g5 19. fxg5 hxg5 20. Ba6 Bxa6 21. Qxa6+ Kb8 22. Nd3 Be7 23. g3 {0-1 (42) Pogonina,N (2397)-Berzina,I (2243) Heraklio 2002}) 19. Bb5 {[%emt 0:02:27]} Rf8 {[%emt 0:03:42]} 20. Rhf1 {[%emt 0:00:10]} Nf6 {[%emt 0:05:07]} 21. Nd3 {[%emt 0:09:53]} Ne4 {[%emt 0:11:37]} 22. Bb4 {[%emt 0:05:33]} Bxb4 {[%emt 0:07:01]} 23. Nxb4 {[%emt 0:01:23]} Rxd1+ {[%emt 0:02:25]} 24. Rxd1 {[%emt 0:00:13]} Rd8 {[%emt 0:03:01]} 25. Na6 {[%emt 0:20:59]} Rxd1+ {[%emt 0:02:16]} 26. Qxd1 {[%emt 0:00:05]} Qd6 {[%emt 0:03:38]} 27. Qe2 {[%emt 0:07:25]} Nc5 {[%emt 0:01:57]} 28. Nxc5 {[%emt 0:02:33]} Qxc5 {[%emt 0:01:09]} 29. g3 {[%emt 0:00:08]} Qd4 {[%emt 0:06:29]} 30. Qh5 {[%emt 0:05:53]} Qd5 {[%emt 0:05:42]} 31. Qe2 {[%emt 0:00:43]} Qd4 {[%emt 0:00:11]} 32. Be8 {[%emt 0:04:13]} Qf6 {[%emt 0:03:43] [#]} (32... Bd5 $11 33. c3 Qe4+ 34. Qxe4 Bxe4+ 35. Kc1 f6) 33. Qh5 $1 {[%emt 0:02:07]} g6 $1 {[%emt 0:02:42]} 34. Qxh6 {[%emt 0:00:41]} Qd8 {[%emt 0:00:21]} (34... Qd4 $1 $11 {remains equal.} 35. Bb5 Qg1+ 36. Ka2 Bd5+ 37. b3 (37. c4 Qc5 $16) 37... Qc5) 35. Bb5 {[%emt 0:05:48]} (35. Ba4 $16) 35... Qe7 $2 {[%emt 0:05:49]} (35... Qd1+ $11 36. Ka2 Qd8) 36. Qh8+ {[%emt 0:00:36]} Kc7 {[%emt 0:00:12]} 37. Qe8 {[%emt 0:02:03]} Kd6 $2 {[%emt 0:01:19]} (37... Qxe8 $16 38. Bxe8 Be4) 38. Qb8+ {[%emt 0:01:50]} Qc7 {[%emt 0:00:21]} 39. Qxa7 {[%emt 0:00:34]} Qc5 {[%emt 0:00:39]} 40. Qb8+ {[%emt 0:00:00]} Qc7 {[%emt 0:00:00]} 41. Qxc7+ {[%emt 0:01:35]} Kxc7 {[%emt 0:00:40]} 42. Be8 {[%emt 0:00:08]} Be4 {[%emt 0:00:59]} 43. Kc1 {[%emt 0:01:34]} ({Weniger gut wäre} 43. Bxf7 Kd7 $18) 43... f6 {[%emt 0:00:23]} 44. Kd2 {[%emt 0:00:19]} Kd6 {[%emt 0:00:42]} 45. Bb5 {[%emt 0:00:13]} e5 {[%emt 0:00:55]} 46. Bd3 {[%emt 0:00:40]} Bf3 {[%emt 0:02:35]} 47. Bxg6 {[%emt 0:00:39]} Ke6 {[%emt 0:02:32]} 48. Ke3 $18 {[%emt 0:00:09]} Bd1 {[%emt 0:00:48]} 49. Bd3 {[%emt 0:00:10]} Bg4 {[%emt 0:00:25]} 50. a4 {[%emt 0:00:12]} Kd6 {[%emt 0:00:18]} 51. b4 {[%emt 0:00:12]} exf4+ {[%emt 0:02:12]} 52. Kxf4 {[%emt 0:00:21]} Bd7 {[%emt 0:01:05]} 53. a5 {[%emt 0:00:32]} bxa5 {[%emt 0:00:04]} 54. bxa5 {[%emt 0:00:09]} Kd5 {Ke4+} 1-0

[Event "XII Figueira da Foz Open 2018"]
[Site "Figueira da Foz"]
[Date "2018.11.02"]
[Round "7"]
[White "Lisowski, Krzysztof"]
[Black "Piasetski, Leon"]
[Result "1-0"]
[WhiteElo "2095"]
[BlackElo "2252"]
[Annotator "TA"]
[PlyCount "110"]
[EventDate "2018.10.30"]
[EventType "swiss"]
[EventCountry "POR"]
[SourceTitle "playchess.com"]
[Source "ChessBase"]
[SourceQuality "1"]

{[%evp 15,109,6,6,-15,-13,-29,0,5,17,0,-8,-12,8,-58,-54,-56,-54,-64,-8,-63,-27,-30,0,0,0,0,0,-14,-5,-20,0,-39,-39,-60,-56,-73,-53,-48,-43,-74,-48,-51,-51,-52,0,-92,-84,-85,-81,-110,-107,-120,-120,-120,-120,-172,-168,-168,-149,-197,-178,-205,-193,-190,-168,-177,-151,-148,-123,-112,-112,-196,-108,-471,-465,-445,-464,-464,-481,-2329,-2083,-1688,-1561,-12834,-1336,-29991,-29992,-29994,-29988,-29995,-29996,-29997,-29998,-29998,-29999,-29999]} 1. e4 c6 2. d4 d5 3. exd5 cxd5 4. Bd3 Nc6 5. c3 Qc7 6. Ne2 Bg4 7. O-O {B13: Caro-Kann: Exchange Variation and Panov-Botvinnik Attack} e6 8. f3 (8. Qe1 Bxe2 9. Qxe2 Nf6 10. Nd2 Bd6 11. g3 O-O 12. f4 a6 13. Nf3 b5 14. a3 Ne7 {½-½ (52) Le,Q (2715)-Nisipeanu,L (2661) Batumi 2018}) 8... Bh5 {LiveBook: 8 Games} 9. Qe1 $146 {The position is equal.} ({Predecessor:} 9. Bf4 Bd6 10. Bxd6 Qxd6 11. Ng3 Bg6 12. f4 Bxd3 13. Qxd3 Nf6 14. Nd2 h5 {0-1 (43) Zelic,M (2303)-Zelcic,R (2500) Mali Losinj 2017}) 9... Bg6 10. Bf4 Bd6 (10... Qb6 {is interesting.} 11. Qd2 Nf6 12. h3 Bxd3 13. Qxd3 Qxb2 14. Nd2 Qa3) 11. Bxd6 Qxd6 12. Bxg6 (12. Nc1 {with more complications.} Nf6 13. Nd2 Ne7 14. a4 O-O 15. a5) 12... hxg6 13. Qg3 Qe7 14. b4 (14. Nf4 $11 O-O-O 15. Nd3) 14... Nh6 $15 15. Nd2 Nf5 16. Qf2 $1 O-O-O (16... Rc8 $15) 17. Nb3 (17. Nc1 $11) 17... Qc7 {[%csl Gh8][%cal Rc7h2]} 18. h3 Nd6 19. a4 Kd7 {[%cal Bc8d7,Bd7e7,Be7f8][%mdl 32]} 20. Nc5+ Ke7 21. Qg3 b6 22. Nd3 Rc8 23. Rae1 Nf5 24. Qg5+ Kf8 25. Nef4 {Black must now prevent Rxe6!} Qe7 26. Qxe7+ Ncxe7 27. Rc1 g5 28. Ne2 Ng6 29. Ra1 {[#]} Ke7 ({Better is} 29... Nf4 $1 $15 {[%mdl 512]} 30. Nexf4 (30. Ndxf4 gxf4) 30... gxf4) 30. Rfb1 {[#]} (30. a5 $11 {keeps the balance.}) 30... Nf4 $1 $36 {[%mdl 2560] Black has strong initiative.} 31. Ndxf4 gxf4 32. Rb3 g5 33. Kf2 Rc7 34. a5 b5 35. Nc1 (35. Rd1 $17) 35... Rhc8 $1 $19 36. Ne2 a6 37. Rd1 {[#]} Ng3 $1 {[%mdl 512]} 38. Rd3 (38. Nxg3 fxg3+) 38... Nxe2 39. Kxe2 {[%mdl 4096] Endgame KRR-KRR} Kd6 40. Kd2 f6 41. Rb1 e5 42. dxe5+ fxe5 43. Re1 (43. Rd1 $17) 43... Rc4 (43... Ke6 $19 44. Rd1 e4 45. fxe4 dxe4) 44. Rd1 $2 {[%mdl 8192] [#]} (44. g3 $17 {was the crucial defense.}) 44... d4 $1 45. cxd4 exd4 {[%cal Be5d4,Bd4d3,Bd3d2][%mdl 32]} 46. Ke2 Kd5 47. Rb1 (47. Kf1 $142 Rxb4 48. R3d2) 47... Rc2+ 48. Rd2 R8c3 49. h4 gxh4 (49... d3+ $142 50. Ke1 gxh4) 50. Rh1 d3+ {Black mates.} 51. Ke1 Kd4 52. Rxh4 Ke3 53. Rh6 Rc1+ 54. Rd1 d2+ 55. Kf1 Rxd1# {[%mdl 32768] Precision: White = 31%, Black = 61%. . Loss on Time!?} 1-0

[Event "XII Figueira da Foz Open 2018"]
[Site "Figueira da Foz"]
[Date "2018.11.02"]
[Round "7"]
[White "Fernandes, Joao Pedro Murtinho"]
[Black "Puglia, Francesco"]
[Result "1/2-1/2"]
[WhiteElo "2067"]
[BlackElo "1803"]
[Annotator "NA RC"]
[PlyCount "59"]
[EventDate "2018.10.30"]
[EventType "swiss"]
[EventCountry "POR"]
[SourceTitle "playchess.com"]
[Source "ChessBase"]
[SourceQuality "1"]
[TimeControl "40/5400+30:1800+30"]

1. e4 {Ftacnik,L} c5 {[%emt 0:04:01]} 2. Nf3 {[%emt 0:00:00]} d6 {[%emt 0:00:01]} 3. d4 {[%emt 0:00:00]} cxd4 {[%emt 0:00:02]} 4. Nxd4 {[%emt 0:00:06]} Nf6 {[%emt 0:00:03]} 5. Nc3 {[%emt 0:00:09]} a6 {[%emt 0:00:01]} 6. h3 {[%emt 0:00:08]} e6 7. g4 {[%emt 0:00:13]} d5 {[%emt 0:01:18]} 8. exd5 {[%emt 0:00:18]} Nxd5 {[%emt 0:00:07]} 9. Nde2 {B81: Sicilian Scheveningen: Keres Attack} h5 {[%emt 0:01:48]} 10. g5 {[%emt 0:05:32]} Bd6 {[%emt 0:02:18]} 11. Nxd5 {[%emt 0:08:37]} exd5 {[%emt 0:00:32]} 12. Be3 $146 {[%emt 0:00:58]} ({Predecessor:} 12. Bg2 O-O 13. O-O Nc6 14. Qxd5 Be6 15. Qf3 Re8 16. Be3 Bc4 {½-½ (42) Anand,V (2780)-Gelfand,B (2740) Zuerich 2013 CBM 153 [Ftacnik,L]}) 12... Nc6 {[%emt 0:03:32]} 13. Qd2 {[%emt 0:01:16]} Bf5 {[%emt 0:03:24]} 14. Nd4 {[%emt 0:14:38]} (14. Bg2 $1 $11) 14... Be4 {[%emt 0:27:18]} 15. f3 {[%emt 0:12:13]} Nxd4 {[%emt 0:01:12]} 16. Qxd4 {[%emt 0:01:39]} Bxf3 {[%emt 0:01:40]} 17. Qxg7 {[%emt 0:14:50]} Bg3+ {[%emt 0:02:52]} 18. Kd2 {[%emt 0:00:48]} Qa5+ {[%emt 0:05:25]} 19. c3 {[%emt 0:00:21]} O-O-O {[%emt 0:02:16]} 20. Bd3 {[%emt 0:04:15]} d4 {[%emt 0:02:31]} 21. Bxd4 {[%emt 0:01:27]} Rhg8 {[%emt 0:14:19]} (21... Bf2 $17 22. Bxf2 Bxh1) 22. Qxf7 {[%emt 0:03:33]} Qxg5+ {[%emt 0:02:51]} 23. Kc2 {[%emt 0:00:58]} Bxh1 {[%emt 0:09:45]} 24. Rxh1 {[%emt 0:00:26]} Qd5 {[%emt 0:05:06]} (24... Rgf8 $11 25. Qe6+ Kb8) 25. Qxd5 {[%emt 0:01:43]} Rxd5 {[%emt 0:00:06]} 26. Bc4 {[%emt 0:00:07]} Rxd4 $1 {[%emt 0:00:51]} 27. cxd4 {[%emt 0:01:25]} Rf8 {[%emt 0:00:28]} 28. Rd1 {[%emt 0:02:05]} Rf2+ {[%emt 0:00:57]} 29. Kc3 {[%emt 0:01:16]} Rf3+ {[%emt 0:01:51]} 30. Rd3 $14 {[%emt 0:04:57]} 1/2-1/2